000 00815nam a22002657a 4500
001 0007302
003 KOHA_MİRAKIL
005 20260207001553.0
007 ta
008 090916b1980 tu |||gr||||#||||0|tur |
040 _aTR-BiSEU
_btur
_cTR-BiSEU
_erda
041 0 _atur
044 _ctu
050 _aTA683.5
_b.M47 1980
100 1 _aMertol, Aytaç.
245 1 _aBetonarme kolon-döşeme-kiriş :
_bdikdörtgen kesit üçgen kesit basit egilme tabloları /
_cAytaç Mertol ; Aytaç Mertol .
264 1 _aAnkara :
_b[ y.y.]
_c1980
300 _a240 sayfa: tablo; 25 cm.
336 _ametin
_btxt
_2rdacontent
337 _aaracısız
_bn
_2rdamedia
338 _acilt
_bnc
_2rdacarrier
650 0 _aBetonarme kolonlar--Tablolar.
_918168
650 0 _aKirişler--Tablolar.
_918169
942 _2lcc
_cBK
999 _c7281
_d7281